000
00275nam a22001097a 4500
082
_a
355.4 ARD'B
100
_a
ARDENT DU PICO, COLONEL
_9
76920
245
_a
BATTLE STUDIES ANCEINT AND MODERN BATTLE
260
_a
PENNSYLVANIA
_b
STACKPOLE
_c
1958
300
_a
273P
942
_c
BK
999
_c
582226
_d
582226